| 000 | 00662 a2200205 4500 | ||
|---|---|---|---|
| 999 |
_c183397 _d183397 |
||
| 005 | 20211224110500.0 | ||
| 010 | _aENG-130587 | ||
| 020 |
_a978-934-5460-107-1 _c806.00 |
||
| 035 | _aEN-114119 | ||
| 037 | _bDBAD/PUB | ||
| 082 | _a658.87 | ||
| 100 | _aLevy, Michael | ||
| 245 |
_aRetailing Management: _cMichael Levy, Barton Weitz, Dhruv Grewal |
||
| 260 |
_aChennai _bMcGraw Hill Education(india) Private Limited _c2022 |
||
| 270 |
_aAnjana Complex No.5 /90 A, Butt Road, St. Thomas Mount _bChennai _e600016 |
||
| 300 |
_a670p. _c28cm (pbk) |
||
| 700 | _aWeitz, Barton | ||
| 700 | _aGrewal, Dhruv | ||
| 942 |
_adpl _cEN _2ddc _h658.87 _mLEV |
||